000 00636nam a2200217Ia 4500
005 20250507130112.0
008 008 250505s9999 xx 000 0 eng d
020 _a9781873410646
037 _aBound Volumes
040 _aEASL
_beng
_cEASL
041 _aeng
_2eng
084 _aO42(a95):g, N8
_qEASL
100 _aStarrs Roy
245 0 _aArtless Art: The Zen Aesthetic of Shiga Naoya
260 _aUSA
_bNew York Routledge
_c1998
300 _a259pg
490 _vJEL
650 _aJapanese Literature; Translation-Japanese; Zen
_9754979
942 _cCR
_hO42(a95):g, N8
999 _c1317787
_d1317787